| 000 | 00000nam##2200000za#4500 |
| 001 | 9.565988 |
| 003 | CaOODSP |
| 005 | 20210624180056 |
| 007 | cr ||||||||||| |
| 008 | 150406|1999||||xxc|||||o f|0| 0 eng|d |
| 040 | |aCaOODSP|beng |
| 043 | |an-cn--- |
| 086 | 1 |aTU3-8/99-1E-PDF |
| 110 | 2 |aTransportation Safety Board of Canada. |
| 245 | 10|aCrude oil pipeline rupture - Enbridge Pipelines Inc. 864-millimetre-diameter mainline, Kilometre 714.8541 approximately 10.6 kilometres east of Regina, Saskatchewan, 20 May 1999 |h[electronic resource] |
| 260 | |bTransportation Safety Board of Canada |c[2002]. |
| 300 | |a13p.|bglossary, illus. |
| 490 | 1 |aPipeline investigation report |vP99H0021 |
| 590 | |a10-05-Supp|b2010-07-20 |
| 775 | 08|tRupture d'un oléoduc de pétrole brut - Enbridge Pipelines Inc. Conduite principale de 864 mm de diamètre borne kilométrique 714,8541 à environ 10,6 km à l'est de Regina (Saskatchewan), le 20 mai 1999 |w(CaOODSP)9.597478 |
| 830 | #0|aPipeline investigation report ;|vP99H0021|w(CaOODSP)9.505671 |
| 856 | 40|ahttp://publications.gc.ca|qPDF|s263 KB|uhttps://publications.gc.ca/collections/collection_2009/bst-tsb/TU3-8-99-1E.pdf|yP99H0021 |